Người máy thông minh - Ứng dụng cơ bản

Cung cấp những kiến thức về lược thuật người máy ABB, kiến thức thao tac cơ bản, ứng dụng cơ bản phần mềm người máy ABB

Tallennettuna:
Bibliografiset tiedot
Päätekijä: Dương, Vĩnh Trung
Muut tekijät: Ngô, Dương
Aineistotyyppi: Kirja
Kieli:Undetermined
Julkaistu: H. Đại học Quốc gia Hà Nội 2020
Aiheet:
Linkit:http://lrc.tdmu.edu.vn/opac/search/detail.asp?aID=2&ID=41191
Tagit: Lisää tagi
Ei tageja, Lisää ensimmäinen tagi!
Thư viện lưu trữ: Trung tâm Học liệu Trường Đại học Thủ Dầu Một
LEADER 00968nam a2200217Ia 4500
001 TDMU_41191
008 210410s9999 xx 000 0 und d
082 |a 005.1 
090 |b D561 
100 |a Dương, Vĩnh Trung 
245 0 |a Người máy thông minh - Ứng dụng cơ bản 
245 0 |c Dương Vĩnh Trung, Ngô Dương...[và những người khác]; Nguyễn Văn Chữ dịch 
260 |a H. 
260 |b Đại học Quốc gia Hà Nội 
260 |c 2020 
300 |a 155tr. 
520 |a Cung cấp những kiến thức về lược thuật người máy ABB, kiến thức thao tac cơ bản, ứng dụng cơ bản phần mềm người máy ABB 
650 |a Người máy  |x Ứng dụng 
700 |a Ngô, Dương 
856 |u http://lrc.tdmu.edu.vn/opac/search/detail.asp?aID=2&ID=41191 
980 |a Trung tâm Học liệu Trường Đại học Thủ Dầu Một